000 00294nam a2200109Ia 4500
008 200302s9999 xx 000 0 und d
100 _aWilbert R. Hasbrouck
245 _aThe Chicago Architectural Club Prelude to the Modern
260 _bThe Monacelli Press Inc.
260 _c2005
300 _a639
999 _c3790
_d3790